| 000 | 00546cam a22002171 4500 | ||
|---|---|---|---|
| 001 | sa 68005298 | ||
| 003 | DLC | ||
| 005 | 20260227112507.0 | ||
| 008 | 881102s1964 xx 000 0 hino | ||
| 010 | _asa 68005298 | ||
| 035 | _a(OCoLC)23548619 | ||
| 040 |
_aDLC _cMiU _dDLC |
||
| 042 | _apremarc | ||
| 050 | 0 | 0 |
_aPK2095.M3 _bP36 |
| 100 | 1 |
_aNarang, Indra Chandra, _d1907- |
|
| 245 | 1 | 0 | _aPadamāvata-sāra. |
| 260 | _c1964. | ||
| 300 |
_a11, 321, 87 p. _c19 cm. |
||
| 500 | _aRomanized. | ||
| 700 | 0 |
_aMalik Muhammad Jayasi, _dactive 1540. |
|
| 999 |
_c80636 _d80636 |
||